Hoy Dios quiere que sepas : (Record no. 20973)

MARC details
000 -LEADER
fixed length control field 01397cam a2200397Ii 4500
001 - CONTROL NUMBER
control field sjds2068626
003 - CONTROL NUMBER IDENTIFIER
control field sjds
005 - DATE AND TIME OF LATEST TRANSACTION
control field 20180623203245.0
008 - FIXED-LENGTH DATA ELEMENTS--GENERAL INFORMATION
fixed length control field 130502s2013 ohu e 000 0 spa d
020 ## - INTERNATIONAL STANDARD BOOK NUMBER
International Standard Book Number 9781624167164 (paperback)
020 ## - INTERNATIONAL STANDARD BOOK NUMBER
International Standard Book Number 1624167160 (paperback)
035 ## - SYSTEM CONTROL NUMBER
System control number 1357835
035 ## - SYSTEM CONTROL NUMBER
System control number (OCoLC)841891680
Canceled/invalid control number (OCoLC)905877239
035 ## - SYSTEM CONTROL NUMBER
System control number (OCoLC)ocn841891680
035 ## - SYSTEM CONTROL NUMBER
System control number 1357835
040 ## - CATALOGING SOURCE
Original cataloging agency BTCTA
Language of cataloging eng
Description conventions rda
Transcribing agency BTCTA
Modifying agency SJP
-- OCLCF
-- AU@
-- OCL
-- OCLCO
-- CHY
-- IFA
041 1# - LANGUAGE CODE
Language code of text/sound track or separate title spa
Language code of original eng
049 ## - LOCAL HOLDINGS (OCLC)
Holding library IFAA
099 ## - LOCAL FREE-TEXT CALL NUMBER (OCLC)
Classification number 248.843
Filing suffix 2013
999 ## - SYSTEM CONTROL NUMBERS (KOHA)
Koha Dewey Subclass [OBSOLETE] ESPANOL 248.843 HOY 2013
245 00 - TITLE STATEMENT
Title Hoy Dios quiere que sepas :
Remainder of title inspiración para el alma de la mujer.
260 ## - PUBLICATION, DISTRIBUTION, ETC. (IMPRINT)
Place of publication, distribution, etc. Uhrichsville, Ohio :
Name of publisher, distributor, etc. Casa Promesa, una division de Barbour Publishing Inc.,
Date of publication, distribution, etc. [2013]
264 #1 - PRODUCTION, PUBLICATION, DISTRIBUTION, MANUFACTURE, AND COPYRIGHT NOTICE
Place of production, publication, distribution, manufacture Uhrichsville, Ohio :
Name of producer, publisher, distributor, manufacturer Casa Promesa, una division de Barbour Publishing Inc.,
Date of production, publication, distribution, manufacture, or copyright notice [2013]
300 ## - PHYSICAL DESCRIPTION
Extent 1 volume (unpaged) ;
Dimensions 15 cm
336 ## - CONTENT TYPE
Content type term text
Content type code txt
Source rdacontent
337 ## - MEDIA TYPE
Media type term unmediated
Media type code n
Source rdamedia
338 ## - CARRIER TYPE
Carrier type term volume
Carrier type code nc
Source rdacarrier
500 ## - GENERAL NOTE
General note "Inspiración para la vida."
520 ## - SUMMARY, ETC.
Summary, etc. Devotional especially for women.
546 ## - LANGUAGE NOTE
Language note In Spanish.
650 #0 - SUBJECT ADDED ENTRY--TOPICAL TERM
Topical term or geographic name as entry element Christian women
Form subdivision Prayers and devotions.
650 #0 - SUBJECT ADDED ENTRY--TOPICAL TERM
Topical term or geographic name as entry element Christian women
General subdivision Religious life.
650 #7 - SUBJECT ADDED ENTRY--TOPICAL TERM
Topical term or geographic name as entry element Mujeres cristianas
General subdivision Vida religiosa.
Source of heading or term bidex
730 0# - ADDED ENTRY--UNIFORM TITLE
Uniform title Today, God wants you to know.
Language of a work Spanish.
942 ## - ADDED ENTRY ELEMENTS (KOHA)
Koha item type Libro/Book

No items available.

Powered by Koha